Painting in oils

Bibliographic Details
Format: Book
Published: Kent : Search Press , 1991
Subjects:

MARC

LEADER 00000cam a2200000 7i4500
001 0000002126
002 000002322
005 20000330.0
020 |a 0855325186 
090 0 0 |a 751.45   |b PAI 
245 0 0 |a Painting in oils   |c edited by Michael Bowers 
260 |a Kent :   |b Search Press ,   |c 1991 
300 |a 128p 
650 0 0 |a Painting   |x Oil 
999 |a 028230   |b BUKU   |c PINJAMAN   |e PERPUSTAKAAN KOMUNITI PETALING JAYA